Statystyki dla Quiz o Karpatach

Kliknij tutaj aby rozwiązać quiz!

Ogólne statystyki

  • Ten quiz został rozwiązany 10 razy
  • Średni wynik to 3 z 6

Statystyki odpowiedzi

PytanieOdpowiedż% Poprawnych
na jakich karjach
leżą Karpaty
Rumunia/ Ukraina/ Słowacja/ Polska/ Czechy/ Węgry / Serbia
90%
Najwyższy szczyt KarpatGerlach
80%
Jakie pasma górskie należą
do Karpat
Tatry/ Pieniny/ Beskidy/ Gorce/Bieszczady
80%
mniejszości etniczne
zamieszkujące karpaty
Karaimi / Tatarzy / Łemkowie / Romowie
40%
Jaki obszar ziemi
zajmują Karpaty
190 000 км²/190 tys./190 000
0%
Podział Karpat ZachodnichWewnętrzne Karpaty Zachodnie/ Centralne Karpaty Zachodnie/
Zewnętrzne Karpaty Zachodnie
0%

Rozkład punktacji

Percentyl według liczby udzielonych odpowiedzi

Procent ludzi z każdym wynikiem

Twoja historia wyników

Nie rozwiązałeś tego quizu